Introducción al análisis transicional (Record no. 11659)
[ view plain ]
| 000 -CABECERA | |
|---|---|
| campo de control de longitud fija | 01031caa a22001812a 4500 |
| 001 - NÚMERO DE CONTROL | |
| campo de control | 005838 |
| 003 - IDENTIFICADOR DEL NÚMERO DE CONTROL | |
| campo de control | AR-FADEU |
| 008 - DATOS DE LONGITUD FIJA--INFORMACIÓN GENERAL | |
| campo de control de longitud fija | 311216n########xxu####################dd |
| 092 ## - ASIGNACIÓN LOCAL DE SIGNATURA TOPOGRÁFICA DEWEY (OCLC) | |
| Número de clasificación | 150.195 |
| Número de documento/Ítem | C932 |
| 100 ## - ENTRADA PRINCIPAL--NOMBRE DE PERSONA | |
| Nombre de persona | Kaës, Rene |
| 245 ## - MENCIÓN DE TÍTULO | |
| Título | Introducción al análisis transicional |
| 300 ## - DESCRIPCIÓN FÍSICA | |
| Extensión | PP. 9-80 |
| 500 ## - NOTA GENERAL | |
| Nota general | En: Crisis, ruptura y superación : análisis transicional en psicoanálisis individual y grupal /ed. Rene Kaës. Buenos Aires : Cinco, 1979 |
| 773 0# - ENLACE AL DOCUMENTO FUENTE/ENTRADA DE REGISTRO ANFITRIÓN | |
| Número bibliográfico anfitrión | 11649 |
| Número de ítem anfitrión | 10241 |
| Encabezamiento principal | |
| Edición | |
| Lugar, editor y fecha de publicación | Buenos Aires |
| Otro identificador del documento | 4714 |
| Título | CRISIS, ruptura y superación : análisis transicional en psicoanálisis individual y grupal |
| Número de control del registro | ( AR-FADEU) 005828 |
| Número Internacional Normalizado para Publicaciones Seriadas | |
| Número Internacional Estándar del Libro | 950-9693-18-9 |
| 773 0# - ENLACE AL DOCUMENTO FUENTE/ENTRADA DE REGISTRO ANFITRIÓN | |
| Número bibliográfico anfitrión | 11649 |
| Número de ítem anfitrión | 10242 |
| Encabezamiento principal | |
| Edición | |
| Lugar, editor y fecha de publicación | Buenos Aires |
| Otro identificador del documento | 4715 |
| Título | CRISIS, ruptura y superación : análisis transicional en psicoanálisis individual y grupal |
| Número de control del registro | ( AR-FADEU) 005828 |
| Número Internacional Normalizado para Publicaciones Seriadas | |
| Número Internacional Estándar del Libro | 950-9693-18-9 |
| 773 0# - ENLACE AL DOCUMENTO FUENTE/ENTRADA DE REGISTRO ANFITRIÓN | |
| Número bibliográfico anfitrión | 11649 |
| Número de ítem anfitrión | 10243 |
| Encabezamiento principal | |
| Edición | |
| Lugar, editor y fecha de publicación | Buenos Aires |
| Otro identificador del documento | 19124 |
| Título | CRISIS, ruptura y superación : análisis transicional en psicoanálisis individual y grupal |
| Número de control del registro | ( AR-FADEU) 005828 |
| Número Internacional Normalizado para Publicaciones Seriadas | |
| Número Internacional Estándar del Libro | 950-9693-18-9 |
| 942 ## - ELEMENTOS DE PUNTO DE ACCESO ADICIONAL (KOHA) | |
| Tipo de ítem Koha | BDGR |
No items available.